Pangea by Borders in 90 Seconds - Statistics

General Stats
  • This quiz has been taken 232 times
  • The average score is 127 of 165
Answers on the Map
Answers color-coded by a green-red scale on the quiz's map according to % correct below.
 
Answer Stats
Country % Correct
France
99%
Brazil
97%
Suriname
97%
Algeria
96%
Canada
96%
China
96%
Cuba
96%
Germany
96%
Mexico
96%
Peru
96%
Spain
96%
United States
96%
Angola
95%
Colombia
95%
Democratic Republic of the Congo
95%
Republic of the Congo
95%
Russia
95%
Venezuela
95%
Argentina
94%
Bolivia
94%
Kazakhstan
94%
Mongolia
94%
North Korea
94%
Paraguay
94%
Saudi Arabia
94%
Sudan
94%
Cameroon
93%
Finland
93%
Ivory Coast
93%
Myanmar
93%
Namibia
93%
Norway
93%
Poland
93%
Bhutan
92%
Guyana
92%
India
92%
Libya
92%
Morocco
92%
Niger
92%
Ukraine
92%
Uruguay
92%
Belarus
91%
Denmark
91%
Gabon
91%
Lithuania
90%
Mali
90%
Mauritania
90%
Nepal
90%
Australia
89%
Chad
89%
Japan
89%
Central African Republic
88%
Egypt
88%
Estonia
87%
Latvia
87%
Liberia
87%
South Sudan
87%
Equatorial Guinea
86%
Burkina Faso
85%
Laos
85%
Mozambique
85%
Nigeria
85%
Tanzania
85%
Madagascar
84%
Vietnam
84%
Azerbaijan
83%
Chile
83%
Eritrea
83%
Georgia
83%
South Africa
83%
Zimbabwe
83%
Botswana
82%
Zambia
82%
Ethiopia
81%
Iraq
81%
Italy
81%
Papua New Guinea
81%
Eswatini
80%
Ireland
80%
Jordan
80%
United Kingdom
80%
Lesotho
79%
Sweden
79%
Afghanistan
78%
Guinea
78%
Kenya
78%
Senegal
78%
Switzerland
78%
Tajikistan
78%
Indonesia
77%
North Macedonia
77%
Somalia
77%
Yemen
77%
Bangladesh
76%
Benin
76%
Bulgaria
76%
Kyrgyzstan
76%
Austria
75%
Portugal
75%
Uganda
75%
Belgium
74%
Malaysia
74%
Oman
74%
Panama
74%
Czech Republic
72%
Djibouti
72%
Ecuador
72%
Greece
72%
Kuwait
72%
Luxembourg
72%
Slovenia
72%
United Arab Emirates
72%
Ghana
71%
Israel
71%
Lebanon
71%
Rwanda
71%
Serbia
71%
Togo
71%
Burundi
70%
Tunisia
70%
Albania
69%
Montenegro
69%
Pakistan
69%
Hungary
68%
Sri Lanka
68%
Croatia
67%
San Marino
67%
Vatican City
67%
Bosnia and Herzegovina
66%
Slovakia
66%
Iran
65%
Romania
65%
Thailand
65%
Cambodia
64%
Qatar
63%
Taiwan
63%
Netherlands
62%
New Zealand
62%
Costa Rica
61%
Kosovo
61%
Guatemala
60%
Iceland
59%
East Timor
58%
Malawi
58%
Moldova
58%
Syria
58%
Uzbekistan
58%
Honduras
57%
Turkmenistan
56%
El Salvador
53%
Guinea-Bissau
53%
Haiti
53%
Nicaragua
53%
Andorra
52%
Dominican Republic
51%
Monaco
51%
Belize
49%
Philippines
48%
Sierra Leone
46%
Gambia
43%
Liechtenstein
37%
South Korea
29%
Brunei
25%
Trinidad and Tobago
22%
Armenia
19%
No matching quizzes found
Score Distribution
Percent of People with Each Score
Percentile by Number Answered
Your Score History
You have not taken this quiz